| 000 | 01641cam a22004094i 4500 | ||
|---|---|---|---|
| 003 | PE-LiUPU | ||
| 005 | 20250731183409.0 | ||
| 008 | 171201s2011 nyua r 000 0 eng d | ||
| 020 | _a9780500289549 | ||
| 035 | _a(Sirsi) a240253 | ||
| 040 |
_aPE-LiUPU _bspa _cPE-LiUPU _erda |
||
| 049 | _aPRUA | ||
| 082 | 0 | 4 |
_a712.3 _bE26 _223 |
| 100 | 1 |
_aHutchison, Edward, _eautor. |
|
| 245 | 1 | 0 |
_aDrawing for landscape architecture : _bsketch to screen to site / _cEdward Hutchinson. |
| 264 | 1 |
_aNew York : _bThames & Hudson, _c2011. |
|
| 300 |
_a240 páginas : _bilustraciones ; _c27 centímetros |
||
| 336 |
_atext _2rdacontent |
||
| 337 |
_aunmediated _2rdamedia |
||
| 338 |
_avolume _2rdacarrier |
||
| 505 | 0 | _aAbsorbing the landscape -- Drawing on site -- Drawing ideas -- Plans, sections + elevations -- Perspectives -- Isometrics -- Money drawings -- Construction details -- Completed work. | |
| 526 | _aP158 | ||
| 526 | _aP146 | ||
| 526 | _aP17 | ||
| 526 | _aP12 | ||
| 526 | _aP06 | ||
| 526 | 8 |
_iPrograma académico : _5PE-LiUPU |
|
| 541 | _g003-1759; | ||
| 650 | 0 | 4 | _aLandscape architectural drawing. |
| 650 | 0 | 4 | _aArbeitsgruppe Cooperative Arbeitsdidaktik. |
| 650 | 0 | 4 | _aGrupo de Trabajo Didáctica Cooperativa. |
| 650 | 0 | 4 | _aModern architecture. |
| 910 |
_adbm _bksl _cksl _d20171201 |
||
| 596 | _a1 | ||
| 942 |
_2ddc _cBOOK |
||
| 999 |
_a712.3 E26 _wLC _c25917 _i77106 _d25917 _e2022-6-9 _f2021-11-9 _g4 _lCCODEBUL1 _mBUL _n4 _p43.30 _q3 _r0 _sY _tBOOK _u2017-12-1 _xINGENIERIA _PP06 _0COMPRA _o.STAFF. Colección Ingeniería y Arquitectura |
||
| 980 |
_81 _gALBERTO SANCHEZ Responsable de Automatización |
||